| 000 -CABECERA |
| Longitud fija campo de control |
00879nam a2200229 a 4500 |
| 001 - NÚMERO DE CONTROL |
| Número de control |
5014 |
| 003 - IDENTIFICADOR DEL NÚMERO DE CONTROL |
| Identificador del número de control |
CDMR |
| 005 - FECHA Y HORA DE LA ÚLTIMA TRANSACCIÓN |
| Fecha y hora de la última transacción |
20131115132102.0 |
| 008 - CÓDIGOS DE INFORMACIÓN DE LONGITUD FIJA |
| Códigos de información de longitud fija |
130130s1996||||sp |||||||||||||||||spa|d |
| 020 ## - NÚMERO INTERNACIONAL NORMALIZADO PARA LIBROS |
| Número Internacional Normalizado para Libros (ISBN) |
8488363648 |
| 040 ## - FUENTE DE LA CATALOGACIÓN |
| Centro catalogador de origen |
CDMR |
| Lengua de catalogación |
cat |
| Centro transcriptor |
CPC LLEIDA |
| 245 03 - MENCIÓN DE TÍTULO |
| Título |
La comunicación política |
| Resto del título |
: [ponencias] |
| Mención de responsabilidad, etc. |
director: Manuel Fernández Areal ; Fernando Ramos Fernández, secretario ; coordinador: Daniel Martí Pellón |
| 260 ## - PUBLICACIÓN, DISTRIBUCIÓN, ETC. (PIE DE IMPRENTA) |
| Lugar de publicación, distribución, etc. |
Pontevedra |
| Fecha de publicación, distribución, etc. |
1996 |
| Nombre del editor, distribuidor, etc. |
Diputación de Pontevedra |
| 300 ## - DESCRIPCIÓN FÍSICA |
| Extensión |
171 p. |
| 500 ## - NOTA GENERAL |
| Nota general |
Recull de les ponències de les 2es Jornadas de Comunicación Social, Pontevedra 1996. |
| 650 04 - PUNTO DE ACCESO ADICIONAL DE MATERIA - TÉRMINO DE MATERIA |
| 9 (RLIN) |
3324 |
| Término de materia o nombre geográfico como elemento inicial |
Comunicació en la política |
| 650 04 - PUNTO DE ACCESO ADICIONAL DE MATERIA - TÉRMINO DE MATERIA |
| 9 (RLIN) |
2305 |
| Término de materia o nombre geográfico como elemento inicial |
Comunicació |
| Subdivisión de materia general |
Aspectes polítics |
| 700 1# - PUNTO DE ACCESO ADICIONAL - NOMBRE DE PERSONA |
| 9 (RLIN) |
421 |
| Nombre de persona |
Fernández Areal, Manuel |
| Término indicativo de función |
dir. |
| 700 1# - PUNTO DE ACCESO ADICIONAL - NOMBRE DE PERSONA |
| 9 (RLIN) |
1699 |
| Nombre de persona |
Ramos Fernández, Luis Fernando |
| 700 1# - PUNTO DE ACCESO ADICIONAL - NOMBRE DE PERSONA |
| 9 (RLIN) |
3323 |
| Nombre de persona |
Martí Pellón, Daniel |
| Término indicativo de función |
coor. |
| 942 ## - ENTRADA DE ELEMENTOS AGREGADOS (KOHA) |
| Koha [por defecto] tipo de item |
Monografies |
| Fuente de clasificaión o esquema |
|